[Event "Hessen-ch Seniors op 12th"]
[Site "Bad Sooden-Allendorf"]
[Date "2016.05.01"]
[Round "2"]
[White "Walther, Gerd"]
[Black "Bomert, Egon"]
[Result "1-0"]
[WhiteElo "1947"]
[BlackElo "2089"]
[PlyCount "90"]
[EventDate "2016.04.30"]
[EventType "swiss"]
[EventRounds "9"]
[EventCountry "GER"]
[SourceTitle "EXT 2019"]
[Source "ChessBase"]
[SourceDate "2018.10.10"]
[SourceVersion "1"]
[SourceVersionDate "2018.10.10"]
[SourceQuality "1"]

1. d4 d5 2. Nf3 Nf6 3. Bg5 e6 4. e3 c5 5. c3 Nc6 6. Nbd2 Qb6 7. Bxf6 gxf6 8. Qb3 Qd8 9. Rd1 c4 10. Qc2 f5 11. g3 h5 12. h4 Bd6 13. Be2 Qc7 14. Nf1 f6 15. Ng1 b5 16. Bf3 b4 17. Ne2 Rb8 18. Nd2 a5 19. Nf4 Qf7 20. Nxc4 Bxf4 21. exf4 Qc7 22. Ne3 Kf7 23. cxb4 Qd6 24. Qc5 Qxc5 25. bxc5 Kg6 26. b3 a4 27. bxa4 Rb2 28. 0-0 Rxa2 29. Nxd5 Rxa4 30. Nb6 Nxd4 31. Nxa4 Nxf3+ 32. Kg2 Bb7 33. Kh3 Rc8 34. Rd6 e5 35. Rc1 Bc6 36. Nb6 Rc7 37. Nd5 Bxd5 38. Rxd5 Kf7 39. Kg2 e4 40. Rxf5 Kg6 41. Rd5 f5 42. c6 Kf6 43. Rd7 Rxd7 44. cxd7 Ke7 45. Rd1 Kd8 1-0

[Event "Hessen-ch Seniors op 10th"]
[Site "Bad Sooden-Allendorf"]
[Date "2014.04.27"]
[Round "2"]
[White "Szenetra, Werner"]
[Black "Bomert, Egon"]
[Result "1-0"]
[WhiteElo "2193"]
[BlackElo "2101"]
[PlyCount "91"]
[EventDate "2014.04.26"]
[EventType "swiss"]
[EventRounds "9"]
[EventCountry "GER"]
[SourceTitle "EXT 2018"]
[Source "ChessBase"]
[SourceDate "2017.10.13"]
[SourceVersion "1"]
[SourceVersionDate "2017.10.13"]
[SourceQuality "1"]

1. Nf3 g6 2. d3 Bg7 3. e4 c5 4. g3 Nc6 5. Bg2 d6 6. 0-0 Bd7 7. Re1 Qc8 8. c3 h5 9. Be3 Bg4 10. Nbd2 Ne5 11. Qa4+ Bd7 12. Qc2 Ng4 13. d4 Nxe3 14. fxe3 h4 15. gxh4 Nf6 16. e5 dxe5 17. Nxe5 Be6 18. Ndf3 Ng4 19. Qa4+ Bd7 20. Nxd7 Qxd7 21. Qxd7+ Kxd7 22. h3 Nh6 23. e4 cxd4 24. cxd4 Rac8 25. Rac1 Rxc1 26. Rxc1 Rc8 27. Rxc8 Kxc8 28. Kf2 Kd7 29. Bf1 Kd6 30. e5+ Kd5 31. Bd3 e6 32. Ke3 Kc6 33. Be4+ Kc7 34. Ng5 Kc8 35. Kf4 b6 36. Bxg6 fxg6 37. Nxe6 Nf5 38. Kg5 Kd7 39. Nxg7 Nxg7 40. Kxg6 Ne6 41. h5 Nf4+ 42. Kg5 Ne6+ 43. Kf6 Nf8 44. d5 Ke8 45. e6 Nh7+ 46. Kg7 1-0

[Event "Hessen-ch Seniors op 09th"]
[Site "Bad Sooden-Allendorf"]
[Date "2013.04.28"]
[Round "9"]
[White "Villing, Dieter"]
[Black "Bomert, Egon"]
[Result "1-0"]
[WhiteElo "2144"]
[BlackElo "2121"]
[PlyCount "73"]
[EventDate "2013.04.20"]
[EventType "swiss"]
[EventRounds "9"]
[EventCountry "GER"]
[SourceTitle "EXT 2019"]
[Source "ChessBase"]
[SourceDate "2018.10.10"]
[SourceVersion "1"]
[SourceVersionDate "2018.10.10"]
[SourceQuality "1"]

1. d4 Nf6 2. Nc3 d5 3. Bg5 Bf5 4. f3 h6 5. Bh4 g5 6. Bg3 Nh5 7. Bf2 Bg6 8. e4 e6 9. h4 Be7 10. g4 Nf4 11. Nge2 Nxe2 12. Qxe2 c6 13. 0-0-0 Qa5 14. hxg5 Bxg5+ 15. Be3 dxe4 16. fxe4 h5 17. d5 Bf6 18. Qf2 Bg7 19. Bd4 e5 20. Be3 Nd7 21. Be2 Nf6 22. gxh5 Nxh5 23. Bxh5 Bxh5 24. Rdg1 Bg6 25. Rxh8+ Bxh8 26. Rd1 Bg7 27. Kb1 c5 28. d6 0-0-0 29. Bxc5 b6 30. Ba3 Rd7 31. Qe2 b5 32. Nd5 Qa4 33. Bb4 Qa6 34. Rd3 Kb8 35. Rc3 Qb7 36. Rc7 Rxc7 37. dxc7+ 1-0

[Event "GER-ch Seniors 22nd"]
[Site "Berlin"]
[Date "2010.08.23"]
[Round "8"]
[White "Bomert, Egon"]
[Black "Badestein, Hartmut"]
[Result "0-1"]
[WhiteElo "1935"]
[BlackElo "2055"]
[PlyCount "75"]
[EventDate "2010.08.16"]
[EventType "swiss"]
[EventRounds "9"]
[EventCountry "GER"]
[SourceTitle "CBM 138 Extra"]
[Source "ChessBase"]
[SourceDate "2010.10.29"]
[SourceVersion "1"]
[SourceVersionDate "2010.10.29"]
[SourceQuality "1"]

1. Nf3 Nf6 2. c4 d6 3. g3 g6 4. b3 Bg7 5. Bb2 e5 6. Bg2 0-0 7. d4 e4 8. Ng5 Re8 9. e3 Bf5 10. h4 Nbd7 11. Nc3 c6 12. Bh3 Bxh3 13. Nxh3 Nf8 14. 0-0 Qd7 15. Kg2 h6 16. Qe2 N8h7 17. Rad1 Re7 18. d5 c5 19. a3 Ng4 20. Rde1 Rae8 21. Qd2 Nhf6 22. Nd1 b5 23. Qc2 Ne5 24. Bxe5 Rxe5 25. Nc3 bxc4 26. bxc4 R5e7 27. Ng1 Ng4 28. Rb1 Bf6 29. Nce2 Qf5 30. Rb3 Ne5 31. Nf4 Bxh4 32. gxh4 Qg4+ 33. Kh1 Qxh4+ 34. Nfh3 g5 35. Kg2 Nf3 36. Ne2 g4 37. Rh1 gxh3+ 38. Rxh3 0-1

[Event "Niedersachsen-ch Seniors op 13th"]
[Site "Bad Bevensen"]
[Date "2010.07.08"]
[Round "3"]
[White "Baum, Bernd"]
[Black "Bomert, Egon"]
[Result "1-0"]
[WhiteElo "2218"]
[BlackElo "1935"]
[PlyCount "79"]
[EventDate "2010.07.06"]
[EventType "swiss"]
[EventRounds "9"]
[EventCountry "GER"]
[SourceTitle "EXT 2012"]
[Source "ChessBase"]
[SourceDate "2011.11.24"]
[SourceVersion "1"]
[SourceVersionDate "2011.11.24"]
[SourceQuality "1"]

1. Nf3 d5 2. g3 Nf6 3. Bg2 c6 4. 0-0 Bg4 5. d3 Nbd7 6. Nbd2 e5 7. e4 Bd6 8. h3 Bh5 9. Qe1 0-0 10. Nh4 Bg6 11. Qe2 Nc5 12. b3 Re8 13. Bb2 Qc7 14. Rfe1 Rad8 15. a4 Ne6 16. Nxg6 hxg6 17. Nf3 dxe4 18. dxe4 Nc5 19. Nd2 Ne6 20. c3 a5 21. Nc4 Bc5 22. Red1 Nh5 23. Kh2 f6 24. h4 Qb8 25. Bh3 Rxd1 26. Rxd1 Qa7 27. Rd2 b5 28. Nd6 Bxd6 29. Rxd6 Nc7 30. Rxc6 Rd8 31. Kg2 Qb7 32. axb5 Nxb5 33. Rc5 Nd6 34. Be6+ Kh7 35. Bd5 Qa7 36. Rc6 Qd7 37. Ba3 Nc8 38. c4 f5 39. exf5 Qxf5 40. Be4 1-0

[Event "Mecklenburg VP-ch Seniors op 09th"]
[Site "Binz"]
[Date "2009.12.07"]
[Round "7.13"]
[White "Bomert, Egon"]
[Black "Gudat, Alfons"]
[Result "1/2-1/2"]
[WhiteElo "1948"]
[BlackElo "1874"]
[PlyCount "53"]
[EventDate "2009.12.01"]
[EventType "swiss"]
[EventRounds "9"]
[EventCountry "GER"]
[SourceTitle "EXT 2022"]
[Source "ChessBase"]
[SourceDate "2021.10.06"]
[SourceVersion "1"]
[SourceVersionDate "2021.10.06"]
[SourceQuality "1"]

1. Nf3 Nf6 2. c4 e6 3. g3 b6 4. Bg2 Bb7 5. 0-0 Be7 6. Nc3 0-0 7. d3 d6 8. e4 Nbd7 9. Bd2 c5 10. Qe2 a6 11. Rab1 Rc8 12. Nd1 b5 13. b3 Re8 14. Ne3 b4 15. Nh4 Ne5 16. f4 Nc6 17. Nf3 a5 18. Qf2 Nd7 19. Bc1 Bf6 20. g4 Nd4 21. Bb2 Nxf3+ 22. Qxf3 Bxb2 23. Rxb2 Qf6 24. Rbf2 h6 25. g5 hxg5 26. Qg3 Qd4 27. fxg5 1/2-1/2

[Event "Mecklenburg VP-ch Seniors op 09th"]
[Site "Binz"]
[Date "2009.12.06"]
[Round "6.19"]
[White "Wittmann, Georg"]
[Black "Bomert, Egon"]
[Result "0-1"]
[WhiteElo "1809"]
[BlackElo "1948"]
[PlyCount "114"]
[EventDate "2009.12.01"]
[EventType "swiss"]
[EventRounds "9"]
[EventCountry "GER"]
[SourceTitle "EXT 2022"]
[Source "ChessBase"]
[SourceDate "2021.10.06"]
[SourceVersion "1"]
[SourceVersionDate "2021.10.06"]
[SourceQuality "1"]

1. c4 e5 2. Nc3 Nc6 3. Nf3 f5 4. g3 e4 5. Nh4 d6 6. d3 Nf6 7. Ng2 Ne5 8. d4 Nf7 9. b4 c6 10. e3 g6 11. Be2 Bg7 12. Bb2 0-0 13. 0-0 Qe7 14. Qb3 g5 15. Rad1 Be6 16. d5 cxd5 17. cxd5 Bd7 18. Nb5 Bxb5 19. Bxb5 Ng4 20. Be2 Nge5 21. f4 exf3 22. Bxf3 Nxf3+ 23. Rxf3 Bxb2 24. Qxb2 Qe4 25. Rff1 Ne5 26. Kh1 Nf3 27. Rf2 Rac8 28. Qb1 Qxb1 29. Rxb1 g4 30. Nf4 Rc3 31. Ne6 Rfc8 32. Nd4 Rc1+ 33. Rf1 Rxb1 34. Rxb1 Nxd4 35. exd4 Kf7 36. Re1 Re8 37. Rc1 Kf6 38. Kg1 h5 39. Kf2 Re4 40. Rc7 Rxd4 41. Rxb7 Rd2+ 42. Ke3 Rxa2 43. Rd7 Ke5 44. Re7+ Kxd5 45. Kf4 Rf2+ 46. Kg5 Kc4 47. Rxa7 Kxb4 48. Rh7 d5 49. Rxh5 d4 50. h4 gxh3 51. Rxh3 d3 52. g4 d2 53. Rd3 fxg4 54. Kxg4 Kc4 55. Rd8 Kc3 56. Kg3 Rf1 57. Rc8+ Kb4 0-1

[Event "Mecklenburg VP-ch Seniors op 09th"]
[Site "Binz"]
[Date "2009.12.01"]
[Round "1.23"]
[White "Bomert, Egon"]
[Black "Briesemeister, Klaus"]
[Result "1-0"]
[WhiteElo "1948"]
[BlackElo "1558"]
[PlyCount "53"]
[EventDate "2009.12.01"]
[EventType "swiss"]
[EventRounds "9"]
[EventCountry "GER"]
[SourceTitle "EXT 2022"]
[Source "ChessBase"]
[SourceDate "2021.10.06"]
[SourceVersion "1"]
[SourceVersionDate "2021.10.06"]
[SourceQuality "1"]

1. Nf3 e6 2. b3 c5 3. c4 Be7 4. Bb2 Nf6 5. Nc3 Nc6 6. e3 a6 7. Be2 d5 8. d4 b6 9. 0-0 Bb7 10. Rc1 0-0 11. Bd3 Rc8 12. cxd5 exd5 13. Qe2 Nb4 14. Bf5 Ra8 15. Rfd1 g6 16. Bb1 a5 17. a3 Ba6 18. Qd2 Nc6 19. dxc5 Bxc5 20. Na4 Ne4 21. Bxe4 dxe4 22. Qc3 f6 23. Rxd8 Nxd8 24. Nd2 Bd3 25. Nxe4 Be7 26. Qxd3 Ne6 27. Qd7 1-0

[Event "GER-ch Seniors 21st"]
[Site "Dresden"]
[Date "2009.08.07"]
[Round "5"]
[White "Bomert, Egon"]
[Black "Galicki, Ryszard"]
[Result "1-0"]
[WhiteElo "2148"]
[BlackElo "1997"]
[PlyCount "161"]
[EventDate "2009.08.03"]
[EventType "swiss"]
[EventRounds "9"]
[EventCountry "GER"]
[SourceTitle "CBM 131 Extra"]
[Source "ChessBase"]
[SourceDate "2009.09.03"]
[SourceVersion "2"]
[SourceVersionDate "2009.09.16"]
[SourceQuality "1"]

1. e4 c5 2. Nc3 Nc6 3. g3 g6 4. Bg2 Bg7 5. Nge2 e6 6. d3 Nge7 7. f4 f5 8. Be3 Nd4 9. e5 Nec6 10. 0-0 d6 11. exd6 Qxd6 12. Qd2 0-0 13. a3 Re8 14. Rae1 Rb8 15. Nd1 b5 16. c3 Nb3 17. Qc2 c4 18. d4 Ne7 19. d5 Nxd5 20. Bxa7 Rb7 21. Bf2 Nc5 22. Nc1 Rbe7 23. Bxc5 Qxc5+ 24. Qf2 Qd6 25. Na2 Nf6 26. Nb4 Bb7 27. Bxb7 Rxb7 28. Qg2 Ne4 29. Nf2 Qb6 30. Kh1 Nd2 31. Rg1 Rd7 32. Re2 Kf7 33. Rd1 Red8 34. Nc6 Rc8 35. Rexd2 Rxd2 36. Rxd2 Rxc6 37. Rd7+ Kg8 38. Nh3 h6 39. Qd2 Rc7 40. Rd8+ Kh7 41. Nf2 Re7 42. Kg1 Qb7 43. Qd6 e5 44. Rb8 Qa7 45. Rb6 e4 46. Qxg6+ Kh8 47. Ra6 Qb8 48. Rb6 Qe8 49. Qxe8+ Rxe8 50. Kf1 e3 51. Nh3 Rd8 52. Rxb5 Rd2 53. Ng1 Rf2+ 54. Ke1 Rxb2 55. Rxb2 Bxc3+ 56. Ke2 Bxb2 57. Kxe3 Bxa3 58. Kd4 c3 59. Kxc3 Kg7 60. Kc4 Kf6 61. Kd5 Bb4 62. Nf3 Bc3 63. Ne5 Be1 64. Nd7+ Ke7 65. Ke5 Kxd7 66. Kxf5 Bb4 67. Kg6 Bd2 68. Kxh6 Ke6 69. Kg6 Ke7 70. f5 Bc3 71. g4 Be1 72. g5 Kf8 73. Kh5 Kg7 74. h4 Bc3 75. Kg4 Be5 76. h5 Bc3 77. h6+ Kf7 78. Kh5 Bh8 79. g6+ Kf6 80. Kg4 Ke7 81. g7 1-0

[Event "Hessen-ch Seniors op 05th"]
[Site "Bad Sooden-Allendorf"]
[Date "2009.05.02"]
[Round "8"]
[White "Oldach, Ehrenfried"]
[Black "Bomert, Egon"]
[Result "1/2-1/2"]
[WhiteElo "1910"]
[BlackElo "1977"]
[PlyCount "81"]
[EventDate "2009.04.25"]
[EventType "swiss"]
[EventRounds "9"]
[EventCountry "GER"]
[SourceTitle "EXT 2022"]
[Source "ChessBase"]
[SourceDate "2021.10.06"]
[SourceVersion "1"]
[SourceVersionDate "2021.10.06"]
[SourceQuality "1"]

1. e4 c5 2. Nf3 e6 3. d4 cxd4 4. Nxd4 Nc6 5. Be3 Qc7 6. Bd3 Nf6 7. 0-0 d5 8. Nc3 Nxd4 9. Bxd4 e5 10. Nb5 Qb8 11. Be3 a6 12. Na3 dxe4 13. Bc4 b5 14. Bd5 Nxd5 15. Qxd5 Bb7 16. Qb3 Qc7 17. Rad1 Be7 18. c3 0-0 19. Nc2 Rad8 20. Nb4 Qc4 21. Bb6 Qxb3 22. axb3 Rxd1 23. Rxd1 Bxb4 24. cxb4 f5 25. Rd7 Rc8 26. Bc5 Bc6 27. Ra7 Rd8 28. Kf1 Rd1+ 29. Ke2 Rb1 30. Rxa6 Rxb2+ 31. Ke1 Bd5 32. Rb6 Bxb3 33. Rxb5 Bc4 34. Rb7 f4 35. Kd1 e3 36. fxe3 Rxg2 37. exf4 exf4 38. Rb8+ Kf7 39. Rf8+ Ke6 40. Rxf4 Be2+ 41. Ke1 1/2-1/2

[Event "Hessen-ch Seniors op 05th"]
[Site "Bad Sooden-Allendorf"]
[Date "2009.04.29"]
[Round "5"]
[White "Bomert, Egon"]
[Black "Alefs, Willi"]
[Result "1-0"]
[WhiteElo "1977"]
[BlackElo "1624"]
[PlyCount "45"]
[EventDate "2009.04.25"]
[EventType "swiss"]
[EventRounds "9"]
[EventCountry "GER"]
[SourceTitle "EXT 2022"]
[Source "ChessBase"]
[SourceDate "2021.10.06"]
[SourceVersion "1"]
[SourceVersionDate "2021.10.06"]
[SourceQuality "1"]

1. e4 e5 2. Bc4 Nf6 3. d3 Nc6 4. c3 Na5 5. Bb5 a6 6. Ba4 b5 7. Bc2 Bb7 8. Nf3 Nc6 9. 0-0 h6 10. d4 exd4 11. e5 Nh7 12. cxd4 Nb4 13. Bb3 Be7 14. Nc3 Bxf3 15. Qxf3 0-0 16. d5 c5 17. dxc6 Nxc6 18. Qe4 Ng5 19. Bxg5 hxg5 20. Bc2 g6 21. Rad1 Qc7 22. Nd5 Qxe5 23. Qxe5 1-0

[Event "Hessen-ch Seniors op 05th"]
[Site "Bad Sooden-Allendorf"]
[Date "2009.04.28"]
[Round "4"]
[White "Bendisch, Juergen"]
[Black "Bomert, Egon"]
[Result "1-0"]
[WhiteElo "1762"]
[BlackElo "1977"]
[PlyCount "93"]
[EventDate "2009.04.25"]
[EventType "swiss"]
[EventRounds "9"]
[EventCountry "GER"]
[SourceTitle "EXT 2022"]
[Source "ChessBase"]
[SourceDate "2021.10.06"]
[SourceVersion "1"]
[SourceVersionDate "2021.10.06"]
[SourceQuality "1"]

1. d4 Nf6 2. c4 e6 3. Nf3 c5 4. e3 b6 5. Nc3 d5 6. dxc5 bxc5 7. cxd5 exd5 8. Bb5+ Bd7 9. Bxd7+ Qxd7 10. Ne5 Qb7 11. Qa4+ Nfd7 12. Nxd7 Nxd7 13. 0-0 0-0-0 14. b3 Ne5 15. Ne2 Bd6 16. Ba3 Kb8 17. Rac1 Rc8 18. Rfd1 Rhd8 19. Nf4 Be7 20. Nd3 Nxd3 21. Rxd3 Rc6 22. Bb2 c4 23. Be5+ Ka8 24. bxc4 dxc4 25. Rxd8+ Bxd8 26. g3 Bf6 27. Bxf6 Rxf6 28. Qe8+ Qb8 29. Qxb8+ Kxb8 30. Rxc4 Rb6 31. Rc2 Kb7 32. e4 Rb1+ 33. Kg2 a5 34. Kf3 Kb6 35. Ke2 Kb5 36. f4 Kb4 37. e5 g6 38. g4 Rg1 39. Kf3 Ra1 40. f5 gxf5 41. gxf5 Rf1+ 42. Ke4 a4 43. e6 fxe6 44. fxe6 a3 45. Re2 Rb1 46. e7 Rb2 47. Re3 1-0

[Event "GER-chT Seniors 17th"]
[Site "Berlin"]
[Date "2008.09.02"]
[Round "3"]
[White "Mueller, Rudolf"]
[Black "Bomert, Egon"]
[Result "1-0"]
[WhiteElo "2232"]
[BlackElo "2154"]
[PlyCount "80"]
[EventDate "2008.08.31"]
[EventType "team-swiss"]
[EventRounds "7"]
[EventCountry "GER"]
[SourceTitle "CBM 126 Extra"]
[Source "ChessBase"]
[SourceDate "2008.11.05"]
[SourceVersion "1"]
[SourceVersionDate "2008.11.05"]
[SourceQuality "1"]

1. e4 c5 2. Nf3 e6 3. d4 cxd4 4. Nxd4 a6 5. Bd3 Nf6 6. 0-0 Qc7 7. Bg5 Be7 8. Qe2 d6 9. Nc3 Nbd7 10. Kh1 b5 11. f4 0-0 12. Rae1 Nc5 13. Bxf6 Bxf6 14. e5 Be7 15. Bxh7+ Kxh7 16. Qh5+ Kg8 17. Rf3 dxe5 18. fxe5 f5 19. Rh3 Qd7 20. Rd1 Qe8 21. Qh7+ Kf7 22. b4 Bb7 23. Rg3 Rg8 24. bxc5 Bc8 25. Qg6+ Kf8 26. Nxe6+ Bxe6 27. Qxe6 Qf7 28. Qc6 Re8 29. e6 Qh5 30. Rf3 g6 31. Nd5 Rh8 32. h3 Rd8 33. Rfd3 Qg5 34. Nxe7 Rxd3 35. Nxg6+ Kg7 36. Rxd3 Qxg6 37. Qc7+ Kh6 38. e7 Kh5 39. Rd8 Rh7 40. Qe5 Rg7 1-0

[Event "GER-chT Seniors 17th"]
[Site "Berlin"]
[Date "2008.08.31"]
[Round "1"]
[White "Bomert, Egon"]
[Black "Segebarth, Bernd"]
[Result "1-0"]
[WhiteElo "2154"]
[BlackElo "1918"]
[PlyCount "87"]
[EventDate "2008.08.31"]
[EventType "team-swiss"]
[EventRounds "7"]
[EventCountry "GER"]
[SourceTitle "CBM 126 Extra"]
[Source "ChessBase"]
[SourceDate "2008.11.05"]
[SourceVersion "1"]
[SourceVersionDate "2008.11.05"]
[SourceQuality "1"]

1. c4 e6 2. Nc3 f5 3. Nf3 b6 4. d4 Bb4 5. Qb3 Qe7 6. a3 Bxc3+ 7. Qxc3 Nf6 8. Bf4 Ne4 9. Qc2 Bb7 10. h4 d6 11. e3 Nd7 12. 0-0-0 0-0-0 13. Ne1 e5 14. Bg5 Nxg5 15. hxg5 Qxg5 16. Kb1 g6 17. Qa4 Kb8 18. Nd3 Be4 19. Ka2 Bxd3 20. Rxd3 e4 21. Rb3 c5 22. f3 Qe7 23. Be2 Nf6 24. Rd1 Qd7 25. Rb5 Qc6 26. b4 Nd7 27. bxc5 dxc5 28. Rdb1 Kb7 29. Qc2 h5 30. fxe4 fxe4 31. d5 Qd6 32. Qxe4 Rde8 33. Qd3 Rhf8 34. R1b2 Rf2 35. Bd1 Rxb2+ 36. Rxb2 Ne5 37. Qe4 Re7 38. Ba4 Ng4 39. Qf3 Rxe3 40. Bc6+ Ka6 41. Qd1 b5 42. Rxb5 Rxa3+ 43. Kxa3 Qg3+ 44. Qf3 1-0

[Event "GER-chT Seniors 16th"]
[Site "Halle"]
[Date "2007.09.15"]
[Round "3.3"]
[White "Troeger, Rainer"]
[Black "Bomert, Egon"]
[Result "0-1"]
[WhiteElo "2200"]
[BlackElo "2175"]
[PlyCount "82"]
[EventDate "2007.09.13"]
[EventType "team"]
[EventRounds "7"]
[EventCountry "GER"]
[SourceTitle "EXT 2008"]
[Source "ChessBase"]
[SourceDate "2007.11.25"]
[SourceVersion "1"]
[SourceVersionDate "2007.11.25"]
[SourceQuality "1"]

1. Nf3 d5 2. g3 Bg4 3. Bg2 Nd7 4. d3 Ngf6 5. Nbd2 e5 6. h3 Bh5 7. e4 c6 8. 0-0 dxe4 9. dxe4 Qc7 10. Qe2 Be7 11. a4 0-0 12. c3 a5 13. g4 Bg6 14. Nh4 Rad8 15. Nxg6 hxg6 16. Nc4 Nc5 17. Be3 Nfd7 18. f4 Nb3 19. Rad1 Bc5 20. f5 b5 21. Bxc5 Ndxc5 22. axb5 cxb5 23. Ne3 Qa7 24. fxg6 fxg6 25. Qxb5 Kh7 26. Qe2 Rxf1+ 27. Kxf1 Rf8+ 28. Ke1 Ne6 29. Bf1 Nf4 30. Qf2 Nd3+ 31. Bxd3 Rxf2 32. Kxf2 Qf7+ 33. Kg2 Nc5 34. Nd5 Qb7 35. b4 Nxd3 36. Rxd3 Qb5 37. Re3 a4 38. Kf3 Qf1+ 39. Kg3 a3 40. Rf3 Qe1+ 41. Kg2 a2 0-1

[Event "Hessen-ch Seniors op 02nd"]
[Site "Bad Sooden-Allendorf"]
[Date "2006.05.07"]
[Round "6"]
[White "Bomert, Egon"]
[Black "Weyrauch, Erich"]
[Result "1/2-1/2"]
[WhiteElo "2012"]
[BlackElo "1950"]
[PlyCount "126"]
[EventDate "2006.04.25"]
[EventType "swiss"]
[EventRounds "9"]
[EventCountry "GER"]
[SourceTitle "EXT 2007"]
[Source "ChessBase"]
[SourceDate "2006.11.23"]
[SourceVersion "1"]
[SourceVersionDate "2006.11.23"]
[SourceQuality "1"]

1. c4 c5 2. g3 Nc6 3. Nc3 e6 4. Bg2 Nf6 5. Nf3 Be7 6. 0-0 d5 7. cxd5 exd5 8. d4 0-0 9. dxc5 Bxc5 10. Bg5 Be6 11. a3 Be7 12. Nd4 h6 13. Bf4 Nxd4 14. Qxd4 Qd7 15. Rfd1 Rfd8 16. Rd2 Qc6 17. b4 Rac8 18. Be5 a6 19. Rad1 Ne4 20. Bxe4 dxe4 21. Qxe4 Rxd2 22. Rxd2 Qxe4 23. Nxe4 Rc1+ 24. Kg2 f5 25. Nd6 b5 26. Ne8 g5 27. Nc7 Bc8 28. f3 Kf7 29. Nd5 Rc6 30. Nc7 Kg6 31. Nd5 Kf7 32. e4 fxe4 33. fxe4 Ke6 34. Bg7 Kf7 35. Rf2+ Ke8 36. e5 Bb7 37. Kh3 Bc8+ 38. g4 h5 39. Kg2 Bxg4 40. Nxe7 Kxe7 41. Bf6+ Ke6 42. Bxg5 Kxe5 43. h3 Bd1 44. Rd2 Bc2 45. Rf2 Be4+ 46. Kh2 Kd4 47. Kg3 Rc3+ 48. Kh4 Rxa3 49. Kxh5 Rxh3+ 50. Kg4 Ra3 51. Bd8 Kc3 52. Kf4 Bd3 53. Ke5 Ra4 54. Be7 Rxb4 55. Bxb4+ Kxb4 56. Kd4 Bc4 57. Rb2+ Bb3 58. Kd3 a5 59. Kd2 a4 60. Kc1 a3 61. Rh2 Ka4 62. Rh8 Bd5 63. Kb1 b4 1/2-1/2